| 000 | 00844cab a2200265 4500 | ||
|---|---|---|---|
| 001 | WB3516-09 | ||
| 008 | 090401t1999 xxu||||| |||| 00| 0 eng d | ||
| 035 | _a(Sirsi) u93080 | ||
| 041 | _aeng | ||
| 245 | _a£500,000 hedge dispute settled | ||
| 260 | _c1999 | ||
| 350 | _a0 | ||
| 490 |
_aTimes _v30 April 1999, 12(1) |
||
| 520 | _aThe HL has upheld the legality of the hedges and ditches presumption in a boundary dispute between John Insley and Alan Wibberley. CA ruling rejected. | ||
| 650 | _aALAN WIBBERLEY BUILDING LTD V INSLEY | ||
| 650 |
_aBoundary disputes _96221 |
||
| 650 | _aHEDGE AND DITCH RULE | ||
| 650 | _aNEIGHBOUR DISPUTES | ||
| 650 | _aPARCEL CLAUSE | ||
| 650 | _aPROPERTY RIGHTS OF OWNERS | ||
| 650 | _aSTRIP OF LAND | ||
| 690 | _aHIGHWAYS RIGHTS OF WAY AND EASEMENTS | ||
| 942 | _n0 | ||
| 948 | _c30/04/1999 | ||
| 999 |
_c58992 _d58992 |
||